01380 a2200205 45000010006000000050017000060080041000230030015000640400040000790800068001192450019001870200018002062500012002242640038002363000026002745050750003000410008010501000021010588560095010795689020260407155832.0260407a1999 arg spa dAR-UNSa-BCEJYS aAR-UNSa-BCEJYSbspacAR-UNSa-BCEJYS a336.1xFinanzas Públicas. Finanzas del gobierno en general 10aPublic finance a0-256-17329-X a5a. ed. 1aBoston :bIrwin/McGraw-Hillc1999 axxxii, 573 p.c26 cm. a1. Introduction – 2. Public Finance and Attitudes toeard Government – 3. Tools of Positive Analysis – 4. Tools of Normative Analysis – 5. Public Goods – 6. Externalities – 7. Political Economy – 8. Income Redistribution: Conceptual Issues – 9. Expenditure Programs for the Poor – 10. Social Insurance I: Social Security and Unemploymet – 11. Social Insurance II: Health Care – 12. Cost-Benefit Analysis – 13. Taxation and Income Distribution – 14. Taxation and Efficiency – 15. Efficient and Equitable Taxation – 16. The Personal Income Tax – 17. Personal Taxation and Behavior – 18. The Corporation Tax – 19. Deficit Finance – 20. Taxes on Consumption and Wealth – 21. Public Finance in a Federal System  aspa1 aRosen, Harvey S.41uhttps://biblioeco.unsa.edu.ar/pmb/images/libros/L128622.jpgyImagen de portadaqimage/jpeg